zpět

Detail výsledku týmu

Restaurace na Rychtě, Říčany

Datum a čas kvízu

31.5 Celkem bodů Celkový počet nahraných bodů na tomto kvízu bez doplňovacích otázek.
1. Pořadí na kvízu Konečné umístění týmu na tomto kvízu.

Zaznamenané odpovědi

# Otázka Odpověď Body Výsledky
1. Minulý týden jsme se dozvěděli... Královská opera/ Royal Opera 1
2. Jistá evropská metropole se ro... Berlín 1
3. Fanouškům v pražské O<sub>2</s... 50 Cent 1
4. Jeden z nejznámějších snímků d... D) Sloupy stvoření 0
5. Sedmatřicetiletá česká tenistk... Lucie Hradecká 1
6. Ve výběru tohoto tématu na vás... FK Teplice 0
7. Jak se jmenuje tento kapitán z... Jack Sparrow 1
8. Bílá nemoc je české protiváleč... Galén, Hugo Haas 1
9. Napište název snímku režiséra... Rudá volavka (Red Sparrow) 1
10. Černá kočka, bílý kocour je bl... Emir Kusturica 0